| 000 | 00445nam a22001697a 4500 | ||
|---|---|---|---|
| 005 | 20180813113132.0 | ||
| 008 | 160527b xxu||||| |||| 00| 0 eng d | ||
| 020 | _a81-7808-576-3 | ||
| 041 | _aeng | ||
| 082 |
_b5473 _a658.804 |
||
| 100 |
_aKRISHNAMACHARYULU, S.G. AND RAMAKRISHNA, LALITHA _94775 |
||
| 245 | _aRURAL MARKETING | ||
| 260 |
_aNew Delhi _bAcademic Faundation _c2002 |
||
| 300 | _a392p, | ||
| 650 |
_aManagement _9241 |
||
| 942 | _cBK | ||
| 999 |
_c1944 _d1943 |
||